000 00223nam a2200097Ia 4500
008 190216s9999||||xx |||||||||||||| ||und||
100 _aMadhavikutty
245 0 _aSwathanthrya Senaniyude Makal
260 _bNull
942 _cBK
999 _c26989
_d26989